|
|
|
|
| LEADER |
01351nam a22002777a 4500 |
| 001 |
33609 |
| 003 |
BD-DhAAL |
| 005 |
20180827163053.0 |
| 008 |
180827t2015 bg a|||| b|||f00| 0 eng d |
| 999 |
|
|
|c 39666
|d 39666
|
| 040 |
|
|
|a BD-DhAAL
|
| 082 |
|
|
|a 354.5492008482
|
| 245 |
|
|
|a Population Management Issues :
|b Monograph -2 /
|c General Economics Division (GED), Planning Commission, Ministry of Planning
|
| 260 |
|
|
|a Dhaka :
|b General Economics Division (GED), Planning Commission, Ministry of Planning, UNFPA
|c 2015
|
| 300 |
|
|
|a xiii, 140 pages :
|b color illustrations ;
|c 28 cm.
|
| 490 |
|
|
|a National policy dialogues on population dynamics, demographic diviend, ageing population & capacity building of GED
|
| 500 |
|
|
|a UNFPA supported GED project output-2
|
| 504 |
|
|
|a Includes bibliographical references.
|
| 526 |
|
|
|a AAL
|
| 541 |
|
|
|a Development Book Agency
|e 33609
|
| 650 |
|
|
|a Birth control
|z Bangladesh
|9 27998
|
| 651 |
|
|
|a Bangladesh
|x Population policy.
|9 27999
|
| 710 |
|
|
|a General Economics Division (GED),
|b Planning Commission,
|b Ministry of Planning,
|b UNFPA
|9 28004
|
| 852 |
|
|
|a Ayesha Abed Library
|c General Stacks
|
| 942 |
|
|
|2 ddc
|c BK
|
| 952 |
|
|
|0 0
|1 0
|2 ddc
|4 0
|6 354_549200848200000_POP
|7 0
|9 63880
|a BRACUL
|b BRACUL
|c GEN
|d 2018-07-23
|e Development Book Agency
|g 450.00
|l 0
|o 354.5492008482 POP
|p 3010033609
|r 2018-07-23
|t 1
|v 450.00
|w 2018-07-23
|y BK
|